000 01694nam a2200385 a 4500
003 CO-PeBPR
005 20260501155041.0
008 260415e2024 ck a|||| n||| 00| 0 spa c
020 _a9789586658485
040 0 _aCO-PeBPR
_bspa
_cCO-PeBPR
_erda
041 0 _hspa
082 0 4 _a394.14 H514m
100 1 _aHenman, Anthony
_eautor
245 1 0 _aMama Coca
_c/ Anthony Henman ; ilustraciones de Benjamín Jacanamijoy Tisoy ; traducción Gabriel Iriarte ; prólogo de Juan Carlos Piñacué
250 _aEdición especial
264 1 _aBogotá, Colombia
_b: Siglo del Hombre
_c, 2024
300 _a328 páginas
_b: ilustraciones a color
_c; 24 centímetros
336 _atexto
_btxt
_crdacontenido
337 _asin mediación
_bn
_2rdamedio
338 _avolumen
_bnc
_2rdasoporte
490 _aPlan Nacional de Lectura, Escritura y Oralidad / Ministerio de las Culturas, las Artes y los Saberes.
500 _aIncluye índice.
500 _aIncluye apéndice.
500 _aContiene reseñas biográficas de los autores.
505 _aMama coca. -- La coca y el Occidente. -- Botánica, arqueología, historia colonial. -- La política de la cocaína. -- Cómo mascar hojas de coca. -- Cómo cultivar su propia coca. -- Mama coca : una nueva aproximación.
650 1 4 _2LEMB
_aCoca
_xAspectos sociales
_zAmérica del Sur
650 1 4 _2LEMB
_aCoca
_xComercio
_zAmérica del Sur
650 1 4 _2LEMB
_aMedicina indígena
650 1 4 _2LEMB
_aCultivo de coca
_zColombia
650 1 4 _2LEMB
_aCultivos ilícitos
_zColombia
700 1 _aJacanamijoy Tisoy, Benjamín
_eilustrador
700 1 _aIriarte, Gabriel
_etraductor
700 1 _aPiñacué, Juan Carlos
_eprologuista
942 _2ddc
_cBK
999 _c17845
_d17845